|
|
|
|
| LEADER |
00672cam a2200205 7i4500 |
| 001 |
0000028791 |
| 005 |
20170405090000.0 |
| 008 |
101013 bm |
| 020 |
|
|
|a 9789833927463 (pbk.)
|
| 040 |
|
|
|a UKM
|
| 090 |
0 |
0 |
|a HB615
|b .P46 2008
|
| 245 |
0 |
0 |
|a Pembudayaan keusahawanan
|c Mohani Abdul...[et al.].
|
| 260 |
|
|
|a Petaling Jaya, Selangor:
|b Prentice Hall,
|c 2008.
|
| 300 |
|
|
|a xiv, 202 p.;
|c 25 cm.
|
| 504 |
|
|
|a Includes bibliographical references
|
| 650 |
0 |
0 |
|a Entrepreneurship
|
| 700 |
1 |
|
|a Mohani Abdul
|
| 997 |
|
|
|a Business & Accountancy, Faculty
|
| 998 |
|
|
|a English in Industries, Degree
|
| 999 |
|
|
|a 0000035502
|b BOK
|c OPEN SHELF
|e 1st Floor, Shah Alam
|